Score 0/21 Timer 06:00
0 Plays Today
Passage Book % Correct
Call me Herman.Moby-Dick; or, The Whale
95.5%
Ernest was an old man who fished alone in a skiff in the Gulf Stream and he had gone eighty-four days now without taking a fish.The Old Man and the Sea
87.7%
In my younger and more vulnerable years F. Scott gave me some advice I've been turning over in my mind ever since.The Great Gatsby
84.7%
Once there were four children whose names were C.S., Susan, Edmund and Lucy.The Lion, the Witch and the Wardrobe
80.5%
You don't know about me without you have read a book called 'The Adventures of Mark,' but that ain't no matter.Adventures of Huckleberry Finn
77.8%
It was a bright cold day in April, and the clocks were striking George.Nineteen Eighty-Four
72.4%
As Franz Samsa awoke from a night of uneasy dreaming, he found himself transformed in his bed into a gigantic insect.Metamorphosis
67.1%
Vladimir, light of my life, fire of my loins.Lolita
66.6%
''To be born again,' sang Salman Farishta tumbling from the heavens, 'first you have to die.'The Satanic Verses
54.8%
It was Joseph at first sight.Catch-22
54.7%
There was no possibility of taking a Charlotte that day.Jane Eyre
53.5%
Passage Book % Correct
Mrs. Virginia said she would buy the flowers herself.Mrs. Dalloway
52.4%
You better not never tell nobody but Alice.The Color Purple
50.4%
Toni was spiteful.Beloved
50.3%
A few miles south of John, the Salinas River drops in close to the hill-side bank and runs deep and green.Of Mice and Men
47.3%
The Joseph, a cruising yawl, swung to her anchor without a flutter of the sails, and was at rest.Heart of Darkness
45%
Albert died today. Or maybe, yesterday; I can't be sure.The Stranger
36.4%
Margaret slept in what had once been the gymnasium.The Handmaid's Tale
33.6%
Stately, plump James Mulligan came from the stairhead.Ulysses
31.3%
For a long time, Marcel went to bed early.Swann's Way
26.5%
Through the fence, between the curling flower spaces, I could see William hitting.The Sound and the Fury
20.6%
Remove Ads.
Support Sporcle.
Get the best of Sporcle when you Go Orange. This ad-free experience offers more features, more stats, and more fun while also helping to support Sporcle. Thank you for becoming a member.

You're not logged in!

Compare scores with friends on all Sporcle quizzes.
OR
Log In

Show Comments

Extras

Top Quizzes Today


Score Distribution

Your Account Isn't Verified!

In order to create a playlist on Sporcle, you need to verify the email address you used during registration. Go to your Sporcle Settings to finish the process.

Report this User

Report this user for behavior that violates our Community Guidelines.

Details: